| 000 | 00318nam a2200121Ia 4500 | ||
|---|---|---|---|
| 008 | 230907s9999||||xx |||||||||||||| ||und|| | ||
| 082 | _a543.089,TAY | ||
| 100 |
_aTaylor, Larry T. _9115145 |
||
| 245 | 0 | _aSupercritical fluid extraction / | |
| 260 |
_aWiley, _bNew York : _c1996 |
||
| 300 | _axiv, 181 p. : | ||
| 942 | _cBK | ||
| 999 |
_c597715 _d597715 |
||